000 00376 a2200109 4500
001 ART_46548
005 20260410162006.0
008 260409a
245 1 0 _aEl derecho a la salud a la luz del Código Civil y Comercial de la Nación
100 1 _aRebaudi Basavilbaso, Ignacio M.
773 0 _tTemas de derecho civil
_g- Año 4, N° 6 (jun. 2018)
_wREV34778
999 _c31746
_d31746